LEADER 02134nam a2200361 a 4500 001 000000128277 003 CaOOAMICUS 005 20120330105136.0 008 120330s2011 it u100 u ita r 020 $a978-88-348-1878-7 040 $aPUL$bita 041 0 $aita$aeng 082 04$a323.11 110 2 $aAssociazione di diritto pubblico comparato ed europeo.$bConvegno$c(Paestum, Seconda Universitą degli Studi di Napoli).$0(OLS)http://pul/name/81961 245 10$aStato democratico e societą multiculturale :$bdalla tutela delle minoranze al riconosciemnto delle diversitą culturali. Atti del convegno dell'Associazione di diritto pubblico comparato ed europeo, Paestum, Seconda Universitą degli Studi di Napoli /$ca cura di Domenico Amirante e Vincenzo Pepe ; coordinamento di Carmine Petteruti. 260 $aTorino :$bG. Giappichelli,$c2011. 300 $aVIII, 157 p. ;$c24 cm. 490 1 $aDiritto pubblico comparato ed europeo.$aConvegni ;$v14 504 $aBibliografia in nota. 546 $aTesti in italiano e inglese. 650 4$aMulticulturalismo$xAspetti giuridici.$0(OLS)http://pul/subject/33334 700 1 $aAmirante, Domenico.$0(OLS)http://pul/name/81962 700 1 $aPepe, Vincenzo.$0(OLS)http://pul/name/81963 700 1 $aPetteruti, Carmine.$0(OLS)http://pul/name/81964 830 0$aDiritto pubblico comparato ed europeo.$pConvegni ;$v14.$0(OLS)http://pul/title/117037 850 $aPUL 852 $aPUL$W1$xSL Diritto e Scienze Sociali 3$y79$m323. 11 AMIDO 1$j148455$qDDC 21$B147057$CPULBib$Z2$F147057 $H118995 $82 941 1 $a9 996 $6020$a978-88-348-1878-7$9(OLS)http://pul/number/149369 996 $6082$a323.11$9(OLS)http://pul/classification/2231 996 $6245$aStato democratico e societą multiculturale :$bdalla tutela delle minoranze al riconosciemnto delle diversitą culturali. Atti del convegno dell'Associazione di diritto pubblico comparato ed europeo, Paestum, Seconda Universitą degli Studi di Napoli$9(OLS)http://pul/title/162099 996 $6260$aTorino :$bG. Giappichelli$9(OLS)http://pul/publisher/49130 LEADER 01733nas a2200373 a 4500 001 000000114722 003 CaOOAMICUS 005 20240411120815.0 006 m e 007 cj uuu---uuuuu 008 090226c18619999vc uu 0 0ita r 032 $aLibriCat 040 $aPUL$bita$dLDB 130 0 $aOsservatore romano$lItaliano.$0(OLS)http://pul/title/144173 245 12$aL'Osservatore romano$h[CD-Rom]. 260 $a[Cittą del Vaticano] :$bOsservatore romano,$c1861- 300 $a CD-Rom :$bill. ;$c12 cm. 310 $aQuotidiano 362 0 $aAnno 1, no. 1 (1 luglio 1861)- 500 $aCompl. del tit. : "Giornale quotidiano politico religioso. Unicuique suum non praevalebunt". 500 $aDal contenitore : "L'Osservatore Romano, giornale quotidiano del Vaticano, prima fonte d'informazione sul magistero del Papa e sugli atti della Santa Sede". 500 $aIn custodia. 538 $aRequisiti di sistema : Windows 95 ; Pentium 133Mhz ; Hd 1,2 Gb ; 16 Mb Ram ; SVGA 2Mb ; CD-Rom 12x. 610 24$aChiesa cattolica$vPeriodici.$0(OLS)http://pul/subject/25856 610 14$aSanta sede$vPeriodici.$0(OLS)http://pul/subject/37479 753 $aWindows 95 776 1 $tOsservatore romano$d[Cittą del Vaticano] : Osservatore romano, 1861-$w()114720 850 $aPUL 852 $aPUL$W1$xDP1 Riviste Correnti$y15$mDP 1383$j131203$bCD-Rom dal 1861 al 2017$qPeriodici$B130165$CPULBib$Z2$F130165 $82 941 1 $a5 961 $aCustodito negli uffici della Biblioteca. 996 $6245$aL'Osservatore romano$h[CD-Rom]$9(OLS)http://pul/title/144176 996 $6260$a[Cittą del Vaticano] :$bOsservatore romano$9(OLS)http://pul/publisher/68711 LEADER 01024nam a2200253 a 4500 001 000000104937 003 CaOOAMICUS 005 20070510145517.0 008 070510s2004 it 000 0 ita d 020 $a88-263-1535-3 040 $aPUL$bita$dLDB 100 1 $aManzone, Gianni,$d1951-$0(OLS)http://pul/name/30308 245 10$aInvito alla dottrina sociale della Chiesa /$cGianni Manzone. 260 $aRoma :$bBorla,$c2004. 300 $a206 p. ;$c21 cm 504 $aInclude riferimenti bibliografici. 650 14$aDottrina sociale della Chiesa.$0(OLS)http://pul/subject/33229 850 $aPUL 852 $aPUL$W1$xSL Religione 3$y85$m261. 8 MANGI 2$j117658$qDDC 21$q $B117463$CPULBib$Z2$F117463 $H100796 $81 941 1 $a9 960 $aDottrina sociale cristiana$933229 996 $6020$a88-263-1535-3$9(OLS)http://pul/number/134301 996 $6245$aInvito alla dottrina sociale della Chiesa$9(OLS)http://pul/title/131985 996 $6260$aRoma :$bBorla$9(OLS)http://pul/publisher/48061